000 00344nam a2200145Ia 4500
008 240624s9999 xx 000 0 und d
041 _aeng
082 _a306 KIV
100 _aKIVISTO PETER
245 _aKEY IDEAS IN SOCIOLOGY
250 _a(3rd ed.)
260 _c2011
_aNew Delhi
_bSage Publications
300 _a240 : p.
365 _c
_b26
999 _c20997
_d20997